000 00750nam a2200229Ii 4500
003 JO-AjNU
008 230605s9999||||xx |||||||||||||| ||und||
017 _a2474
020 _a978-977-308-723-4
040 _aJO-AjNU
_bara
_erda
_cJO-AjNU
041 _aara
050 1 4 _aPN879.2022
100 3 _aمكاوي، وجيهة محمد,
_eauthor
_961680
245 0 0 _aالادب المقارن: (جذور - شخصيات - نماذح)
250 _aط1
264 3 1 _aدسوق: دار العلم والايمان للنشر والتوزيع، 2022
300 _a270ص
336 _atext
_btxt
_2rdacontent
337 _aunmediated
_bn
_2rdamedia
338 _avolume
_bnc
_2rdacarrier
650 4 _aالادب العربي-تاريخ ونقد
_961681
999 _aA27893
_c31461
_d31461